000 00532cam a2200157u 4500
082 _a940.548
_bWIL
_cL-30. p-31.
100 1 _aWilson, Henry Maitland Wilson,
_949152
245 1 0 _aEight years overseas, 1939-1947.
260 _aLondon,
_bN[ew] Y[ork] Hutchinson
_c[1950]
300 _a285 p.
_billus., port., maps.
_c24 cm.
526 _a0
_b0
_c0
_d940_548000000000000_WIL
650 0 _aMCE
_9379
650 0 _aWorld War, 1939-1945
_928174
650 0 _aWorld War, 1939-1945
_xCampaigns
_zMediterranean Region.
_949153
942 _2ddc
_cBK
999 _c551988
_d551988